[Event "LSS RA-2010-0-00092"]
[Site "LSS email"]
[Date "2010.05.28"]
[Round "?"]
[White "Sabo, Marko"]
[Black "Herzog, Klaus"]
[Result "1/2-1/2"]
[WhiteElo "2138"]
[BlackElo "1775"]
[PlyCount "26"]
[EventDate "2010.04.28"]
[EventType "tourn (corr)"]
[EventRounds "6"]
[EventCountry "GER"]
[SourceTitle "Corr 2013"]
[Source "ChessBase"]
[SourceDate "2012.11.12"]
[SourceVersion "1"]
[SourceVersionDate "2012.11.12"]
[SourceQuality "1"]

1. e4 e5 2. Nf3 Nc6 3. d4 exd4 4. Nxd4 Nf6 5. Nxc6 bxc6 6. Bd3 d5 7. Nc3 Bb4 8. exd5 cxd5 9. Qe2+ Be7 10. 0-0 0-0 11. Re1 Be6 12. Bf4 c6 13. Qf3 Re8 1/2-1/2

[Event "LSS RA-2010-0-00082"]
[Site "LSS email"]
[Date "2010.02.23"]
[Round "?"]
[White "Yarmolyuk, Yury"]
[Black "Sabo, Marko"]
[Result "1/2-1/2"]
[WhiteElo "2181"]
[BlackElo "2066"]
[PlyCount "66"]
[EventDate "2010.01.30"]
[EventType "tourn (corr)"]
[EventRounds "6"]
[EventCountry "GER"]
[SourceTitle "Corr 2013"]
[Source "ChessBase"]
[SourceDate "2012.11.12"]
[SourceVersion "1"]
[SourceVersionDate "2012.11.12"]
[SourceQuality "1"]

1. Nf3 Nf6 2. d4 g6 3. c4 Bg7 4. g3 0-0 5. Bg2 c6 6. Nc3 d5 7. Qb3 dxc4 8. Qxc4 Be6 9. Qa4 Qb6 10. 0-0 Na6 11. e4 Rfd8 12. h3 Nc7 13. Qc2 Qa6 14. Rd1 Rac8 15. Be3 Nfe8 16. Bf1 Bc4 17. Ne2 c5 18. dxc5 Ne6 19. Rxd8 Rxd8 20. Rc1 Bd3 21. Nc3 Bxf1 22. Rxf1 Bxc3 23. Qxc3 Qxa2 24. Qb4 Qa6 25. Ne5 f6 26. Nc4 Nd4 27. Kg2 Nc6 28. Qb3 Kg7 29. h4 Nc7 30. Rc1 Nb5 31. h5 gxh5 32. Rh1 Nbd4 33. Qc3 Qa4 1/2-1/2

[Event "LSS RA-2010-0-00081"]
[Site "LSS email"]
[Date "2010.02.08"]
[Round "?"]
[White "Sabo, Marko"]
[Black "Jovanovic, Bratislav"]
[Result "1-0"]
[WhiteElo "2060"]
[BlackElo "2063"]
[PlyCount "63"]
[EventDate "2010.01.17"]
[EventType "tourn (corr)"]
[EventRounds "6"]
[EventCountry "GER"]
[SourceTitle "Corr 2013"]
[Source "ChessBase"]
[SourceDate "2012.11.12"]
[SourceVersion "1"]
[SourceVersionDate "2012.11.12"]
[SourceQuality "1"]

1. Nf3 Nf6 2. d4 g6 3. c4 Bg7 4. Nc3 0-0 5. e4 d6 6. Be2 c6 7. 0-0 Nbd7 8. e5 Ne8 9. exd6 Nxd6 10. c5 Ne8 11. h3 Nc7 12. Re1 Nf6 13. Qb3 Nfd5 14. Bc4 Be6 15. Bxd5 Nxd5 16. Qxb7 Qc8 17. Qxc8 Rfxc8 18. Nxd5 Bxd5 19. Rxe7 Re8 20. Rxe8+ Rxe8 21. Be3 f5 22. Rd1 h6 23. b3 Kh7 24. Bd2 Bxf3 25. gxf3 Bxd4 26. b4 Re2 27. Be3 Bxe3 28. Rd7+ Kg8 29. fxe3 a6 30. Ra7 Rxa2 31. b5 cxb5 32. c6 1-0

[Event "LSS RA-2010-0-00080"]
[Site "LSS email"]
[Date "2010.02.08"]
[Round "?"]
[White "Sorcinelli, Andrea"]
[Black "Sabo, Marko"]
[Result "1/2-1/2"]
[WhiteElo "2078"]
[BlackElo "2050"]
[PlyCount "34"]
[EventDate "2010.01.16"]
[EventType "tourn (corr)"]
[EventRounds "6"]
[EventCountry "GER"]
[SourceTitle "Corr 2013"]
[Source "ChessBase"]
[SourceDate "2012.11.12"]
[SourceVersion "1"]
[SourceVersionDate "2012.11.12"]
[SourceQuality "1"]

1. e4 e5 2. Nf3 Nc6 3. Nc3 Nf6 4. g3 Bc5 5. Bg2 d6 6. 0-0 0-0 7. d3 h6 8. Be3 Bxe3 9. fxe3 Bg4 10. h3 Bd7 11. d4 a5 12. Qd3 a4 13. dxe5 dxe5 14. a3 Be6 15. Qxd8 Rfxd8 16. Rfd1 Nd7 17. Nb5 Rac8 1/2-1/2

[Event "LSS SA-2010-0-00110"]
[Site "LSS email"]
[Date "2010.01.16"]
[Round "?"]
[White "Sabo, Marko"]
[Black "Mostowik, Daniel"]
[Result "1/2-1/2"]
[WhiteElo "2061"]
[BlackElo "2127"]
[PlyCount "36"]
[EventDate "2010.01.01"]
[EventType "tourn (corr)"]
[EventRounds "6"]
[EventCountry "GER"]
[SourceTitle "Corr 2013"]
[Source "ChessBase"]
[SourceDate "2012.11.12"]
[SourceVersion "1"]
[SourceVersionDate "2012.11.12"]
[SourceQuality "1"]

1. d4 Nf6 2. c4 e6 3. Nf3 d5 4. Nc3 c6 5. e3 Nbd7 6. Bd3 dxc4 7. Bxc4 b5 8. Bd3 a6 9. a4 Bb7 10. axb5 axb5 11. Rxa8 Qxa8 12. 0-0 b4 13. Na4 c5 14. dxc5 Nxc5 15. Bb5+ Bc6 16. Bxc6+ Qxc6 17. Nxc5 Bxc5 18. b3 0-0 1/2-1/2

[Event "LSS SA-2009-0-00109"]
[Site "LSS email"]
[Date "2010.01.15"]
[Round "?"]
[White "Aalderink, Gerwin"]
[Black "Sabo, Marko"]
[Result "1/2-1/2"]
[WhiteElo "2033"]
[BlackElo "2149"]
[PlyCount "45"]
[EventDate "2009.12.30"]
[EventType "tourn (corr)"]
[EventRounds "6"]
[EventCountry "GER"]
[SourceTitle "Corr 2013"]
[Source "ChessBase"]
[SourceDate "2012.11.12"]
[SourceVersion "1"]
[SourceVersionDate "2012.11.12"]
[SourceQuality "1"]
[WhiteTeam "US of America"]
[BlackTeam "US of America"]
[WhiteTeamCountry "USA"]
[BlackTeamCountry "USA"]

1. Nf3 d5 2. d4 Nf6 3. c4 e6 4. Nc3 Be7 5. cxd5 exd5 6. Bg5 0-0 7. Qc2 c5 8. e3 cxd4 9. Nxd4 h6 10. Bh4 Nc6 11. Rd1 Be6 12. Be2 Rc8 13. 0-0 Nxd4 14. Rxd4 Ne4 15. Bxe7 Qxe7 16. Bf3 Nxc3 17. bxc3 Rc5 18. Rfd1 Rfc8 19. Bxd5 Bxd5 20. Rxd5 Rxc3 21. Qb1 b6 22. g3 Rc2 23. R5d2 1/2-1/2

[Event "LSS RA-2009-0-00074"]
[Site "LSS email"]
[Date "2009.12.31"]
[Round "?"]
[White "Karabalis, Harilos"]
[Black "Sabo, Marko"]
[Result "1/2-1/2"]
[WhiteElo "2098"]
[BlackElo "2056"]
[PlyCount "70"]
[EventDate "2009.11.27"]
[EventType "tourn (corr)"]
[EventRounds "6"]
[EventCountry "GER"]
[SourceTitle "Corr 2013"]
[Source "ChessBase"]
[SourceDate "2012.11.12"]
[SourceVersion "1"]
[SourceVersionDate "2012.11.12"]
[SourceQuality "1"]

1. e4 e5 2. Nf3 Nc6 3. Bc4 Bc5 4. 0-0 Nf6 5. d4 Bxd4 6. Nxd4 Nxd4 7. f4 d6 8. fxe5 dxe5 9. Bg5 Qe7 10. Na3 c6 11. Kh1 Ne6 12. Bxf6 gxf6 13. Qf3 b5 14. Bd3 Bd7 15. Rf2 h5 16. c3 Nc5 17. Bf1 0-0-0 18. b4 Na4 19. c4 a6 20. Rc1 Kb8 21. Nc2 Be6 22. a3 bxc4 23. Ne3 c3 24. Nc4 Bg4 25. Qe3 Rd1 26. Rxd1 Bxd1 27. Na5 Qd6 28. Bxa6 Rd8 29. h3 c2 30. Bc4 Ka8 31. Nb3 h4 32. Kg1 Rd7 33. Bf1 Kb7 34. Bc4 Kb8 35. Bf1 Rd8 1/2-1/2

[Event "LSS SA-2009-0-00097"]
[Site "LSS email"]
[Date "2009.11.21"]
[Round "?"]
[White "Florea, Valentin Mihail"]
[Black "Sabo, Marko"]
[Result "0-1"]
[WhiteElo "1999"]
[BlackElo "2149"]
[PlyCount "22"]
[EventDate "2009.10.31"]
[EventType "tourn (corr)"]
[EventRounds "6"]
[EventCountry "GER"]
[SourceTitle "Corr 2013"]
[Source "ChessBase"]
[SourceDate "2012.11.12"]
[SourceVersion "1"]
[SourceVersionDate "2012.11.12"]
[SourceQuality "1"]
[WhiteTeam "US of America"]
[BlackTeam "US of America"]
[WhiteTeamCountry "USA"]
[BlackTeamCountry "USA"]

1. e4 e5 2. Nf3 Nc6 3. Bb5 Nf6 4. 0-0 Bc5 5. c3 0-0 6. d4 Bb6 7. Re1 d6 8. h3 Bd7 9. Qa4 h6 10. Be3 a6 11. Bxc6 Bxc6 0-1

[Event "LSS RA-2009-0-00056"]
[Site "LSS email"]
[Date "2009.07.14"]
[Round "?"]
[White "Sabo, Marko"]
[Black "Nicolenco, Sergey"]
[Result "1/2-1/2"]
[WhiteElo "2094"]
[BlackElo "2088"]
[PlyCount "30"]
[EventDate "2009.05.31"]
[EventType "tourn (corr)"]
[EventRounds "6"]
[EventCountry "GER"]
[SourceTitle "Corr 2013"]
[Source "ChessBase"]
[SourceDate "2012.11.12"]
[SourceVersion "1"]
[SourceVersionDate "2012.11.12"]
[SourceQuality "1"]

1. e4 c5 2. Nf3 d6 3. d4 cxd4 4. Nxd4 Nf6 5. Nc3 a6 6. Bc4 e6 7. 0-0 Be7 8. Qf3 Bd7 9. Be3 Nc6 10. Be2 0-0 11. Qg3 Nxd4 12. Bxd4 e5 13. Be3 Rc8 14. Bh6 Ne8 15. Bd2 Nf6 1/2-1/2

[Event "LSS RA-2008-0-00034"]
[Site "LSS email"]
[Date "2008.12.22"]
[Round "?"]
[White "Sabo, Marko"]
[Black "Jovanovic, Bratislav"]
[Result "1/2-1/2"]
[WhiteElo "2071"]
[BlackElo "2011"]
[PlyCount "56"]
[EventDate "2008.12.17"]
[EventType "tourn (corr)"]
[EventRounds "6"]
[EventCountry "GER"]
[SourceTitle "Corr 2013"]
[Source "ChessBase"]
[SourceDate "2012.11.12"]
[SourceVersion "1"]
[SourceVersionDate "2012.11.12"]
[SourceQuality "1"]

1. c4 e6 2. Nc3 f5 3. g3 Nf6 4. d4 d5 5. Bg2 c6 6. Nf3 Bd6 7. Qb3 0-0 8. 0-0 Nbd7 9. Rd1 Ne4 10. cxd5 cxd5 11. Nb5 Bb8 12. Be3 a6 13. Nc3 Bd6 14. Rac1 Qb6 15. Qc2 Qa5 16. Nd2 Nxc3 17. bxc3 Nf6 18. c4 Bd7 19. cxd5 exd5 20. Nb3 Qa4 21. Qd3 Qb5 22. Nc5 Qxd3 23. exd3 Bc6 24. Rb1 Rf7 25. Bg5 Re8 26. Bh3 Bxc5 27. dxc5 Ng4 28. d4 Re2 1/2-1/2

[Event "LSS RA-2008-0-00033"]
[Site "LSS email"]
[Date "2008.12.04"]
[Round "?"]
[White "Sacerdotali, Sergio"]
[Black "Sabo, Marko"]
[Result "1/2-1/2"]
[WhiteElo "2042"]
[BlackElo "2079"]
[PlyCount "56"]
[EventDate "2008.11.21"]
[EventType "tourn (corr)"]
[EventRounds "6"]
[EventCountry "GER"]
[SourceTitle "Corr 2013"]
[Source "ChessBase"]
[SourceDate "2012.11.12"]
[SourceVersion "1"]
[SourceVersionDate "2012.11.12"]
[SourceQuality "1"]

1. e4 e5 2. Nf3 Nc6 3. Bb5 Bc5 4. c3 Nf6 5. 0-0 0-0 6. d4 Bb6 7. Re1 d6 8. h3 Bd7 9. Na3 exd4 10. cxd4 Re8 11. Bg5 a6 12. Bxc6 Bxc6 13. d5 Bb5 14. Qb3 h6 15. Bxf6 Qxf6 16. Nxb5 axb5 17. Qxb5 Qf4 18. a4 Rxe4 19. Rxe4 Qxe4 20. a5 Qc2 21. Kh2 Bxf2 22. Qxb7 Re8 23. Qc6 Qxc6 24. dxc6 Rb8 25. Rb1 Rb3 26. Nd2 Rb4 27. b3 Bc5 28. Nf3 Kf8 1/2-1/2

[Event "LSS RA-2008-0-00033"]
[Site "LSS email"]
[Date "2008.12.02"]
[Round "?"]
[White "Sabo, Marko"]
[Black "Jovanovic, Bratislav"]
[Result "1/2-1/2"]
[WhiteElo "2079"]
[BlackElo "2050"]
[PlyCount "70"]
[EventDate "2008.11.21"]
[EventType "tourn (corr)"]
[EventRounds "6"]
[EventCountry "GER"]
[SourceTitle "Corr 2013"]
[Source "ChessBase"]
[SourceDate "2012.11.12"]
[SourceVersion "1"]
[SourceVersionDate "2012.11.12"]
[SourceQuality "1"]

1. Nf3 e6 2. e4 d5 3. exd5 exd5 4. d4 Nf6 5. Nc3 Bg4 6. Bd3 Nc6 7. Be3 Nb4 8. a3 Nxd3+ 9. Qxd3 c6 10. Ne5 Be6 11. 0-0 Qc7 12. Rae1 Bd6 13. f4 0-0 14. f5 Bc8 15. Kh1 Ne8 16. Ng4 Qd8 17. Ne2 Qh4 18. h3 Bc7 19. Bf2 Qd8 20. Bg3 Nd6 21. f6 Bxg4 22. fxg7 Re8 23. hxg4 Ne4 24. Bxc7 Qxc7 25. Kg1 Kxg7 26. Qe3 Qd6 27. Nf4 Kf8 28. Nh5 Qg6 29. Qc1 Rad8 30. Rf5 Nd6 31. Rf3 Ne4 32. Ref1 Re7 33. Rf5 Rd6 34. Qf4 b5 35. Kh1 a5 1/2-1/2

[Event "LSS RA-2008-0-00031"]
[Site "LSS email"]
[Date "2008.11.19"]
[Round "?"]
[White "Sabo, Marko"]
[Black "Herzog, Klaus"]
[Result "1-0"]
[WhiteElo "2071"]
[BlackElo "2063"]
[PlyCount "45"]
[EventDate "2008.11.16"]
[EventType "tourn (corr)"]
[EventRounds "6"]
[EventCountry "GER"]
[SourceTitle "Corr 2013"]
[Source "ChessBase"]
[SourceDate "2012.11.12"]
[SourceVersion "1"]
[SourceVersionDate "2012.11.12"]
[SourceQuality "1"]

1. Nf3 Nc6 2. d4 d5 3. c4 Bg4 4. Nc3 e6 5. cxd5 Bxf3 6. exf3 exd5 7. Bb5 Bb4 8. Qb3 Bxc3+ 9. bxc3 Nge7 10. Ba3 0-0 11. 0-0 Re8 12. Rfe1 a6 13. Bxe7 Rxe7 14. Bxc6 bxc6 15. Qb7 Rb8 16. Qxa6 Rb6 17. Qa7 g6 18. a4 Kg7 19. a5 Rb3 20. g3 Rxe1+ 21. Rxe1 Ra3 22. Qc5 Qd6 23. Qb4 1-0

[Event "LSS SA-2008-0-00035"]
[Site "LSS email"]
[Date "2008.11.08"]
[Round "?"]
[White "Dehaybe, Andre"]
[Black "Sabo, Marko"]
[Result "0-1"]
[WhiteElo "1765"]
[BlackElo "2149"]
[PlyCount "48"]
[EventDate "2008.11.06"]
[EventType "tourn (corr)"]
[EventRounds "6"]
[EventCountry "GER"]
[SourceTitle "Corr 2013"]
[Source "ChessBase"]
[SourceDate "2012.11.12"]
[SourceVersion "1"]
[SourceVersionDate "2012.11.12"]
[SourceQuality "1"]
[WhiteTeam "US of America"]
[BlackTeam "US of America"]
[WhiteTeamCountry "USA"]
[BlackTeamCountry "USA"]

1. e4 e5 2. Nf3 Nc6 3. Bb5 Bc5 4. Nc3 Nf6 5. Bxc6 dxc6 6. Nxe5 Bxf2+ 7. Kxf2 Qd4+ 8. Kf1 Qxe5 9. d4 Qe6 10. Qf3 0-0 11. Bg5 Ne8 12. Kf2 Nd6 13. e5 Nc4 14. b3 Na3 15. Rac1 h6 16. Bh4 f6 17. d5 cxd5 18. exf6 Qb6+ 19. Ke2 c6 20. Qf4 Bf5 21. Qxf5 Rae8+ 22. Kf1 Qd4 23. Nxd5 Qxh4 24. g3 Qg5 0-1

[Event "LSS SA-2008-0-00035"]
[Site "LSS email"]
[Date "2008.11.08"]
[Round "?"]
[White "Jovanovic, Bratislav"]
[Black "Sabo, Marko"]
[Result "0-1"]
[WhiteElo "2136"]
[BlackElo "2149"]
[PlyCount "84"]
[EventDate "2008.11.06"]
[EventType "tourn (corr)"]
[EventRounds "6"]
[EventCountry "GER"]
[SourceTitle "Corr 2013"]
[Source "ChessBase"]
[SourceDate "2012.11.12"]
[SourceVersion "1"]
[SourceVersionDate "2012.11.12"]
[SourceQuality "1"]
[WhiteTeam "US of America"]
[BlackTeam "US of America"]
[WhiteTeamCountry "USA"]
[BlackTeamCountry "USA"]

1. e4 e5 2. Bc4 Nf6 3. d3 Bc5 4. Nc3 h6 5. f4 d6 6. f5 c6 7. Qf3 b5 8. Bb3 a5 9. a3 Nbd7 10. Nge2 Bb7 11. g4 Ba7 12. h4 Nc5 13. Ba2 b4 14. g5 Nfd7 15. g6 bxc3 16. gxf7+ Kf8 17. Nxc3 Nf6 18. Bd2 d5 19. 0-0-0 Ncd7 20. Rh2 Qe7 21. Rg2 Qxf7 22. Rg6 Rh7 23. Re1 Rb8 24. Bb3 Ba8 25. Na4 Kg8 26. Re2 Bd4 27. Bxa5 c5 28. Nc3 c4 29. dxc4 dxe4 30. Qf1 Nc5 31. Bb4 Nxb3+ 32. cxb3 Kh8 33. Re1 e3 34. Qd3 Rd8 35. Qc2 Bf3 36. Kb1 Qd7 37. Ka2 Bg4 38. Rxg4 Nxg4 39. Nd5 Re8 40. h5 Nf6 41. Nxe3 Bxe3 42. Rxe3 e4 0-1

[Event "LSS SA-2008-0-00035"]
[Site "LSS email"]
[Date "2008.11.08"]
[Round "?"]
[White "Sabo, Marko"]
[Black "Conterno, Dominique"]
[Result "1/2-1/2"]
[WhiteElo "2149"]
[BlackElo "2040"]
[PlyCount "56"]
[EventDate "2008.11.06"]
[EventType "tourn (corr)"]
[EventRounds "6"]
[EventCountry "GER"]
[SourceTitle "Corr 2013"]
[Source "ChessBase"]
[SourceDate "2012.11.12"]
[SourceVersion "1"]
[SourceVersionDate "2012.11.12"]
[SourceQuality "1"]
[WhiteTeam "US of America"]
[BlackTeam "US of America"]
[WhiteTeamCountry "USA"]
[BlackTeamCountry "USA"]

1. e4 d6 2. Nc3 Nf6 3. Nf3 g6 4. d4 Bg7 5. Be2 0-0 6. 0-0 Bg4 7. Be3 Nc6 8. Qd3 e5 9. d5 Ne7 10. h3 Bc8 11. Rad1 a6 12. a4 Nh5 13. Rfe1 f5 14. Ng5 f4 15. Bd2 Bf6 16. Ne6 Bxe6 17. dxe6 Ng7 18. Qc4 Kh8 19. b4 h5 20. Nd5 Nxe6 21. Nb6 cxb6 22. Qxe6 Qc7 23. b5 Qxc2 24. bxa6 bxa6 25. Bb4 Qxa4 26. Bxd6 Rae8 27. Bxe7 Rxe7 28. Qxb6 a5 1/2-1/2

[Event "LSS RA-2008-0-00029"]
[Site "LSS email"]
[Date "2008.11.02"]
[Round "?"]
[White "Jovanovic, Bratislav"]
[Black "Sabo, Marko"]
[Result "1/2-1/2"]
[WhiteElo "2078"]
[BlackElo "2088"]
[PlyCount "40"]
[EventDate "2008.10.28"]
[EventType "tourn (corr)"]
[EventRounds "6"]
[EventCountry "GER"]
[SourceTitle "Corr 2013"]
[Source "ChessBase"]
[SourceDate "2012.11.12"]
[SourceVersion "1"]
[SourceVersionDate "2012.11.12"]
[SourceQuality "1"]

1. e4 e5 2. Nc3 Nc6 3. Bc4 Nf6 4. d3 Bc5 5. Nf3 0-0 6. Bg5 h6 7. Bh4 d6 8. Qc1 Be6 9. Nd5 Bxd5 10. Bxd5 Qe7 11. c3 Nd8 12. 0-0 c6 13. Bb3 Ne6 14. Qd2 Bb6 15. Kh1 a5 16. Rae1 a4 17. Bc4 Rfe8 18. a3 Nf4 19. Ba2 N4h5 20. Qd1 Nf4 1/2-1/2

[Event "LSS RA-2008-0-00029"]
[Site "LSS email"]
[Date "2008.11.02"]
[Round "?"]
[White "Sabo, Marko"]
[Black "Herzog, Klaus"]
[Result "1-0"]
[WhiteElo "2088"]
[BlackElo "2082"]
[PlyCount "51"]
[EventDate "2008.10.28"]
[EventType "tourn (corr)"]
[EventRounds "6"]
[EventCountry "GER"]
[SourceTitle "Corr 2013"]
[Source "ChessBase"]
[SourceDate "2012.11.12"]
[SourceVersion "1"]
[SourceVersionDate "2012.11.12"]
[SourceQuality "1"]

1. d4 Nf6 2. Nf3 g6 3. Nc3 Bg7 4. e4 d6 5. Be2 0-0 6. 0-0 c6 7. h3 Nbd7 8. Be3 b5 9. e5 Ne8 10. Qd3 dxe5 11. dxe5 b4 12. Na4 Qa5 13. e6 fxe6 14. Qb3 Nb6 15. Nxb6 axb6 16. Nd4 Bxd4 17. Bxd4 Nd6 18. Bf3 Nf5 19. c3 c5 20. Bxa8 cxd4 21. Be4 dxc3 22. bxc3 bxc3 23. Bxf5 gxf5 24. Rfc1 Kf7 25. Qxc3 Bb7 26. Qxa5 1-0

[Event "LSS RA-2008-0-00029"]
[Site "LSS email"]
[Date "2008.11.02"]
[Round "?"]
[White "Sabo, Marko"]
[Black "Ortiz, Manuel"]
[Result "0-1"]
[WhiteElo "2088"]
[BlackElo "2056"]
[PlyCount "136"]
[EventDate "2008.10.28"]
[EventType "tourn (corr)"]
[EventRounds "6"]
[EventCountry "GER"]
[SourceTitle "Corr 2013"]
[Source "ChessBase"]
[SourceDate "2012.11.12"]
[SourceVersion "1"]
[SourceVersionDate "2012.11.12"]
[SourceQuality "1"]

1. d4 e6 2. Nf3 Nf6 3. c4 b6 4. g3 Ba6 5. Qa4 c5 6. Bg2 Bb7 7. 0-0 cxd4 8. Nxd4 Bxg2 9. Kxg2 Qc8 10. Rd1 Be7 11. Nc3 0-0 12. Bf4 a6 13. e4 Qb7 14. f3 Rc8 15. Rac1 d6 16. Nc2 Ne8 17. Nb4 g5 18. Be3 g4 19. Nd3 gxf3+ 20. Kxf3 Nd7 21. Kg2 Nef6 22. Nf2 Ne5 23. b3 Nfd7 24. Kg1 Nc5 25. Qb4 f5 26. Na4 Nxa4 27. bxa4 fxe4 28. c5 dxc5 29. Qxe4 Qxe4 30. Nxe4 Ra7 31. a5 bxa5 32. Bf4 Nf7 33. Rc2 Rb7 34. Rdc1 e5 35. Bd2 Nd6 36. Nxd6 Bxd6 37. Bxa5 Kf7 38. Kg2 Ke6 39. Re1 c4 40. Bc3 Rc5 41. Rce2 Rd5 42. Re4 Rc7 43. R1e2 Rd1 44. Bxe5 Bxe5 45. Rxe5+ Kd6 46. Re6+ Kd5 47. R2e5+ Kd4 48. Re2 Rd7 49. Rc6 c3 50. Kf3 Rf7+ 51. Kg4 Kd3 52. Re5 Kc2 53. Rec5 Rd3 54. Rxa6 Rf2 55. Rac6 Rxh2 56. a4 h5+ 57. Kf5 Rxg3 58. a5 Kd2 59. Rd5+ Kc1 60. a6 Ra2 61. Rd7 c2 62. a7 Rga3 63. Rcc7 h4 64. Rh7 Kb2 65. Rb7+ Ka1 66. Rhc7 h3 67. Rc8 h2 68. Rh7 Kb1 0-1

[Event "LSS RA-2008-0-00027"]
[Site "LSS email"]
[Date "2008.10.26"]
[Round "?"]
[White "Sabo, Marko"]
[Black "Herzog, Klaus"]
[Result "1/2-1/2"]
[WhiteElo "2071"]
[BlackElo "2057"]
[PlyCount "94"]
[EventDate "2008.10.17"]
[EventType "tourn (corr)"]
[EventRounds "6"]
[EventCountry "GER"]
[SourceTitle "Corr 2013"]
[Source "ChessBase"]
[SourceDate "2012.11.12"]
[SourceVersion "1"]
[SourceVersionDate "2012.11.12"]
[SourceQuality "1"]

1. d4 Nf6 2. Nf3 g6 3. c4 Bg7 4. Nc3 0-0 5. e4 d6 6. Be2 e5 7. dxe5 dxe5 8. Qxd8 Rxd8 9. Bg5 c6 10. Nxe5 Re8 11. 0-0-0 Na6 12. Nf3 Bg4 13. e5 Nd7 14. Rhe1 Nxe5 15. Nxe5 Rxe5 16. Be3 Bxe2 17. Rxe2 Rh5 18. Red2 Be5 19. h3 Rh4 20. Rd8+ Rxd8 21. Rxd8+ Kg7 22. Rd7 Rxc4 23. Rxb7 Nc5 24. Rxa7 Nd3+ 25. Kc2 Nxb2 26. Bd2 Nd1 27. Kxd1 Bxc3 28. Bxc3+ Rxc3 29. Kd2 Rc4 30. a4 Kf6 31. a5 Ra4 32. Kc2 Ke6 33. Kb3 Ra1 34. Kb4 h6 35. Kc5 Rc1+ 36. Kb6 c5 37. Kb5 c4 38. Kb4 Rc2 39. a6 Rxf2 40. Ra8 Ra2 41. a7 Ke7 42. g4 h5 43. gxh5 c3 44. Kxc3 gxh5 45. h4 Ra3+ 46. Kb4 Ra1 47. Kc5 Rc1+ 1/2-1/2

[Event "LSS RA-2008-0-00026"]
[Site "LSS email"]
[Date "2008.10.18"]
[Round "?"]
[White "Tanti, Joseph G"]
[Black "Sabo, Marko"]
[Result "0-1"]
[WhiteElo "1974"]
[BlackElo "2066"]
[PlyCount "26"]
[EventDate "2008.10.08"]
[EventType "tourn (corr)"]
[EventRounds "6"]
[EventCountry "GER"]
[SourceTitle "Corr 2013"]
[Source "ChessBase"]
[SourceDate "2012.11.12"]
[SourceVersion "1"]
[SourceVersionDate "2012.11.12"]
[SourceQuality "1"]

1. e4 e5 2. Nf3 Nc6 3. Bc4 Bc5 4. b4 Bxb4 5. c3 Ba5 6. d4 exd4 7. 0-0 Nf6 8. e5 Ne4 9. cxd4 d5 10. exd6 Nxd6 11. Bb3 0-0 12. Ne5 Nf5 13. Ba3 Nxe5 0-1

[Event "LSS SA-2008-0-00032"]
[Site "LSS email"]
[Date "2008.10.13"]
[Round "?"]
[White "Jovanovic, Bratislav"]
[Black "Sabo, Marko"]
[Result "0-1"]
[WhiteElo "2068"]
[BlackElo "2060"]
[PlyCount "112"]
[EventDate "2008.10.07"]
[EventType "tourn (corr)"]
[EventRounds "6"]
[EventCountry "GER"]
[SourceTitle "Corr 2013"]
[Source "ChessBase"]
[SourceDate "2012.11.12"]
[SourceVersion "1"]
[SourceVersionDate "2012.11.12"]
[SourceQuality "1"]
[WhiteTeam "US of America"]
[BlackTeam "US of America"]
[WhiteTeamCountry "USA"]
[BlackTeamCountry "USA"]

1. d4 Nf6 2. c4 e6 3. Nf3 Nc6 4. Nc3 d5 5. Bg5 Bb4 6. e3 h6 7. Bxf6 Qxf6 8. Bd3 dxc4 9. Bxc4 Bd6 10. 0-0 0-0 11. Rc1 Bd7 12. Ne4 Qe7 13. Be2 Nb4 14. Nxd6 cxd6 15. Qd2 Nd5 16. e4 Nf6 17. Bd3 d5 18. e5 Ne4 19. Qe3 Qb4 20. Rc2 Rfc8 21. Rfc1 Rxc2 22. Rxc2 Rd8 23. Ne1 Rc8 24. a3 Qb6 25. Rxc8+ Bxc8 26. f3 Ng5 27. b3 Bd7 28. Bc2 Qa5 29. b4 Qc7 30. Qd3 a6 31. a4 Qc4 32. Qxc4 dxc4 33. h4 Nh7 34. a5 Bc6 35. Kf2 f5 36. Ke3 Nf8 37. g4 g6 38. h5 Kg7 39. Kd2 gxh5 40. gxh5 Nd7 41. Bd1 b5 42. Ng2 Kf7 43. Nf4 Nb8 44. Ng6 Ba8 45. Kc3 Nc6 46. Nf4 Ne7 47. Kd2 Nd5 48. Nxd5 Bxd5 49. Ke3 Bc6 50. Be2 Ke7 51. Bf1 Be8 52. Bh3 Bxh5 53. d5 Be8 54. f4 h5 55. dxe6 Kxe6 56. Bg2 h4 0-1